Central Library OPAC University of Rajshahi

Data and computer communications / (Record no. 38017)

MARC details
000 -LEADER
fixed length control field 00816pam a2200265 a 4500
001 - CONTROL NUMBER
control field 38017
003 - CONTROL NUMBER IDENTIFIER
rucl marc code (BD-RjUL)
005 - DATE AND TIME OF LATEST TRANSACTION
control field 20211209052715.0
008 - FIXED-LENGTH DATA ELEMENTS--GENERAL INFORMATION
fixed length control field 960520s1997 njua b 001 0 eng
020 ## - INTERNATIONAL STANDARD BOOK NUMBER
International Standard Book Number 8120312406
International Standard Book Number 9788120312401
035 ## - SYSTEM CONTROL NUMBER
System control number (BD-RjUL)
040 ## - CATALOGING SOURCE
Original cataloging agency DLC
Transcribing agency (BD-RjUL)
Modifying agency DLC
082 00 - DEWEY DECIMAL CLASSIFICATION NUMBER
Classification number 004.6
Edition number 20
Author mark and year STD 2001
100 1# - MAIN ENTRY--PERSONAL NAME
Personal name Stallings, William.
9 (RLIN) 117755
245 10 - TITLE STATEMENT
Title Data and computer communications /
Statement of responsibility, etc. William Stallings.
250 ## - EDITION STATEMENT
Edition statement 5th ed.
260 ## - PUBLICATION, DISTRIBUTION, ETC. (IMPRINT)
Place of publication, distribution, etc. New Delhi, India. :
Name of publisher, distributor, etc. Prentice Hall,
Date of publication, distribution, etc. c1997 [2001 reprint].
300 ## - PHYSICAL DESCRIPTION
Pagination xviii, 798 p. :
Illustrations ill. (some col.) ;
Size 24 cm.
504 ## - BIBLIOGRAPHY, ETC. NOTE
Bibliography, etc Includes bibliographical references and index.
650 #0 - SUBJECT ADDED ENTRY--TOPICAL TERM
Topical term or geographic name as entry element Data transmission systems.
9 (RLIN) 117693
Topical term or geographic name as entry element Computer networks.
9 (RLIN) 117347
942 ## - ADDED ENTRY ELEMENTS (KOHA)
Source of classification or shelving scheme Dewey Decimal Classification
Koha item type Books
Holdings
Lost status Source of classification or shelving scheme Damaged status Not for loan Permanent Location Current Location Shelving location Date acquired Total Checkouts Full call number Date last seen Copy number Koha item type
  Dewey Decimal Classification   Not For Loan Department of Information and Communication Engineering (ICE) Library Department of Information and Communication Engineering (ICE) Library Seminar Library 27/08/2015   004.6 STD 2001 27/08/2015 C.1 Books
  Dewey Decimal Classification     Department of Information and Communication Engineering (ICE) Library Department of Information and Communication Engineering (ICE) Library Seminar Library 27/08/2015   004.6 STD 2001 27/08/2015 C.2 Books